000 01159nam a2200277 i 4500
001 178077
003 ES-MaACL
005 20240529062952.0
008 110517m19551973sp c |||| |bspa d
020 _a84-03-00040-5
080 _a821.134.2-82"15"
100 1 _aVega, Lope de,
_d1562-1635
_9113563
245 1 0 _aObras escogidas /
_cLope Félix de Vega Carpio ; estudio preliminar, biografía, bibliografía, notas y apéndices de Federico Carlos Sainz de Robles.
246 3 _aPoesías líricas
_b; Poemas ; Prosa ; Novelas
246 3 8 _aTeatro
260 _aMadrid :
_bAguilar,
_c1955-1973.
300 _a2 v. (1 retr., 1530 p.; 1 retr., 1851 p.) ;
_c18 cm.
490 1 _aColección obras eternas [v. 2]
505 8 _aContiene: v. 2 ;
_tPoesías líricas; Poemas; Prosa; Novelas - v. 3 ;
_tTeatro
595 _av. 2: 4ª ed., 1ª reimp, 1973 - v. 3: publ. en 1955.
597 _aTexto a 2 columnas.
700 1 _aSainz de Robles, Federico Carlos,
_d1898-1982
_9101593
830 0 _aColección obras eternas [v. 2]
_9224249
852 _aES-MaACL
_jL-30763-64
_z- enc. guaflex
_z. - Donat. Miguel A. Velasco (v. 2)
999 _c178077
_d178077